00890nam a22002414a 450000500170000000800410001701000170005802000540007503500160012903700150014504000180016008200140017810000240019224501040021626000380032027000590035830000550041750000410047250000560051365000280056965000280059770000230062520080729164931.0080416s2008 waua 001 0 eng  aENG-91464-65 a9788131304921 (set )c2195.00(for set of 2 vols.) aEN-74997-98 bDBAD / PUB aDPLbEnglish  a363.70071 aBasu, Saikat Kumar  aEnvironment education:cby Saikat Kumar Basu [and] Sudip Datta Banik bglobal issues and policies / aNew Delhi bAPH Publishing c2009 a4435-36/7, Ansari Road, Daryaganj,bNew Delhi e110002 a2v. (xxxiii, 266p.; xxxiii, 267-565p.)c23 cm (Hb) aIncludes bibliographical references  aIt is a set of 2 vols. and set price is Rs. 2195.00 aEnvironmental education aEnvironmental pollution aBanik, Sudip Datta